00443nam a2200121Ia 4500008004100000041000800041082000800049100005900057245013000116260004900246300002000295440000600315221007s9999 xx 000 0 und d aeng bRAS aRashmi Dighe - 2k171119 & Prof. Ranjana Gogate - Guide 2aA Study Of The Impact Of Reliance Jio On The Financials Of The Indian Telecom Industry Leading To Merger Of Idea And Vodafone c2018bSavitribai Phule Pune UniversityaPune a35pcHard Bound v1